[Event "Pan American-ch Hybrid U18 31st"]
[Site "Tornelo INT"]
[Date "2021.09.04"]
[Round "9"]
[White "Souza, Ramon Santana De"]
[Black "Montiel, Angel Nathanael"]
[Result "0-1"]
[WhiteElo "1807"]
[BlackElo "1681"]
[PlyCount "102"]
[EventDate "2021.09.04"]
[EventType "swiss"]
[EventRounds "9"]
[EventCountry "NET"]
[SourceTitle "EXT 2023"]
[Source "ChessBase"]
[SourceDate "2022.10.05"]
[SourceVersion "1"]
[SourceVersionDate "2022.10.05"]
[SourceQuality "1"]

1. e4 c5 2. Nf3 d6 3. d4 cxd4 4. Nxd4 Nf6 5. Nc3 a6 6. Be2 e5 7. Nb3 Be7 8. g4 h6 9. Be3 Be6 10. Bf3 Nbd7 11. Nd5 Bxd5 12. exd5 Rc8 13. Qd3 Nb6 14. h4 Nfd7 15. Na5 Qc7 16. 0-0-0 Na4 17. Nb3 Ndb6 18. Bxb6 Qxb6 19. Kb1 Nc5 20. Qf5 Rc7 21. Nxc5 Qxc5 22. Be4 a5 23. g5 g6 24. Qf3 h5 25. Qd3 Qc4 26. f4 Qxd3 27. Bxd3 exf4 28. Rhf1 0-0 29. Rxf4 Kg7 30. Rdf1 b6 31. Bb5 f6 32. Be8 Rxe8 33. gxf6+ Bxf6 34. Rxf6 Rce7 35. b3 Re1+ 36. Kb2 Rxf1 37. Rxf1 Re4 38. Rh1 b5 39. Kc3 Kf6 40. Kd3 Ke5 41. c4 Rd4+ 42. Kc3 b4+ 43. Kc2 Rg4 44. Rh2 Kd4 45. Kd2 a4 46. Ke2 axb3 47. axb3 Rg3 48. Rh1 Rxb3 49. Rg1 Rh3 50. Rxg6 Kc5 51. Rg8 Kxc4 0-1